| 000 | 00847nam a22002177a 4500 | ||
|---|---|---|---|
| 999 |
_c1030 _d1030 |
||
| 005 | 20200316115130.0 | ||
| 008 | 200316b ||||| |||| 00| 0 eng d | ||
| 020 | _a9781784874872 | ||
| 040 | _cKH8 | ||
| 082 | _aFIC ATW | ||
| 100 |
_aAtwood, Margaret _eauthor |
||
| 245 |
_aThe handmaid's tale / _cMargaret Atwood |
||
| 260 |
_aLondon : _bVintage UK, _c2018. |
||
| 300 |
_a320 pages ; _c18 cm. |
||
| 520 | _aThe Republic of Gilead offers Offred only one option: to breed. If she deviates, she will, like all dissenters, be hanged at the wall or sent out to die slowly of radiation sickness. But even a repressive state cannot obliterate desire – neither Offred’s nor that of the two men on whom her future hangs. | ||
| 650 | _aFeminism | ||
| 650 | _aDystopia | ||
| 650 | _aScience Fiction | ||
| 650 | _aClassics | ||
| 942 |
_2ddc _cFIC |
||